How I Met Your Mother - Staffel nach Bild - Statistiken

Allgemein
  • Dieses Quiz wurde 61 mal gespielt
  • Das Durchschnittsergebnis liegt bei 63 aus 81
Antwortstatistiken
Frage Kachel Select % Korrekt
Staffel 1 Nein
94%
Staffel 1 Nein
94%
Staffel 1 Nein
92%
Staffel 2 Nein
92%
Staffel 2 Nein
92%
Staffel 2 Nein
92%
Staffel 1 Nein
90%
Staffel 2 Nein
90%
Staffel 1 Nein
88%
Staffel 1 Nein
88%
Staffel 9 Nein
88%
Staffel 9 Nein
88%
Staffel 9 Nein
88%
Staffel 4 Nein
87%
Staffel 5 Nein
87%
Staffel 6 Nein
87%
Staffel 9 Nein
87%
Staffel 9 Nein
87%
Staffel 9 Nein
87%
Staffel 1 Nein
85%
Staffel 1 Nein
85%
Staffel 2 Nein
85%
Staffel 3 Nein
85%
Staffel 5 Nein
85%
Staffel 6 Nein
85%
Staffel 7 Nein
85%
Staffel 7 Nein
85%
Staffel 9 Nein
85%
Staffel 9 Nein
85%
Staffel 2 Nein
83%
Staffel 3 Nein
83%
Staffel 3 Nein
83%
Staffel 4 Nein
83%
Staffel 4 Nein
83%
Staffel 5 Nein
83%
Staffel 6 Nein
83%
Staffel 7 Nein
83%
Staffel 7 Nein
83%
Staffel 8 Nein
83%
Staffel 2 Nein
81%
Staffel 3 Nein
81%
Staffel 4 Nein
81%
Staffel 6 Nein
81%
Staffel 6 Nein
81%
Staffel 8 Nein
81%
Staffel 8 Nein
81%
Staffel 4 Nein
79%
Staffel 4 Nein
79%
Staffel 5 Nein
79%
Staffel 5 Nein
79%
Staffel 7 Nein
79%
Staffel 8 Nein
79%
Staffel 8 Nein
79%
Staffel 9 Ja
79%
Staffel 4 Nein
77%
Staffel 5 Nein
77%
Staffel 5 Nein
77%
Staffel 6 Nein
77%
Staffel 7 Nein
77%
Staffel 7 Nein
77%
Staffel 2 Nein
75%
Staffel 3 Nein
75%
Staffel 3 Nein
75%
Staffel 5 Nein
75%
Staffel 6 Nein
75%
Staffel 8 Nein
75%
Staffel 3 Nein
73%
Staffel 8 Nein
69%
Staffel 3 Nein
67%
Staffel 4 Nein
67%
Staffel 8 Nein
67%
Staffel 1 Ja
65%
Staffel 6 Nein
63%
Staffel 7 Nein
63%
Staffel 2 Ja
44%
Staffel 7 Ja
40%
Staffel 5 Ja
38%
Staffel 8 Ja
37%
Staffel 3 Ja
33%
Staffel 4 Ja
33%
Staffel 6 Ja
33%
Keine übereinstimmenden Quizze gefunden
Verteilung der Resultate
Anzahl Personen mit jedem Resultat
Perzentil nach korrekt beantworteten Fragen
Ihre Resultats-Entwicklung
Sie haben dieses Quiz noch nicht gespielt